| 000 | 00466nam a2200133Ia 4500 | ||
|---|---|---|---|
| 008 | 160809s9999 xx 000 0 und d | ||
| 100 | _aGholami, Ali. | ||
| 245 | _aAdvanced Cloud Privacy Threat Modeling Full Text | ||
| 245 | _cAli Gholami and Erwin Laure, KTH Royal Institute of Technology, Sweden | ||
| 260 | _bComputer Science and Information Technology | ||
| 260 | _cJanuary 2016 | ||
| 650 | _xINFORMATION TECHNOLOGY | ||
| 856 | _uhttp://airccse.org/V6N48.html | ||
| 999 |
_c300028 _d300028 |
||